Documenting and finding geospatial data (Record no. 75131)
[ view plain ]
| 000 -LEADER | |
|---|---|
| fixed length control field | 01592cab a2200217 4500 |
| 001 - CONTROL NUMBER | |
| control field | L129503 |
| 008 - FIXED-LENGTH DATA ELEMENTS--GENERAL INFORMATION | |
| fixed length control field | 050426n2005 000 0 eng u |
| 035 ## - SYSTEM CONTROL NUMBER | |
| System control number | (Sirsi) u129503 |
| 041 ## - LANGUAGE CODE | |
| Language code of text/sound track or separate title | eng |
| 100 ## - MAIN ENTRY--PERSONAL NAME | |
| Personal name | Horisberger, Patrick |
| 245 ## - TITLE STATEMENT | |
| Title | Documenting and finding geospatial data |
| 260 ## - PUBLICATION, DISTRIBUTION, ETC. | |
| Date of publication, distribution, etc. | 2005 |
| 490 ## - SERIES STATEMENT | |
| Series statement | GEOconnexion International Magazine |
| Volume/sequential designation | 4(4) April 2005, 51-53(2) |
| 520 ## - SUMMARY, ETC. | |
| Summary, etc. | Examines how metadata developments are facilitating the description of growing amounts of geospatial information and data and are providing a more comprehensive solution with respect to documentation. Considers the recent development of a number of metadata standards for geographical data, in particular the ISO 19115/19119 standard, and the issues involved in creating a metadata catalogue or portal, which allows the exchange of geographical data and information between data producers and users. Looks in detail at the use of the GeoTask generic metadata management solution to produce the Swiss national metadata catalogue. This catalogue shows that uniform and well-organised documentation of geospatial data ensures wide dissemination and good use of the relevant information. |
| 590 ## - LOCAL NOTE (RLIN) | |
| Local note | IKA290402 |
| 650 ## - SUBJECT ADDED ENTRY--TOPICAL TERM | |
| Topical term or geographic name entry element | ISO 19115 |
| 650 ## - SUBJECT ADDED ENTRY--TOPICAL TERM | |
| Topical term or geographic name entry element | ISO 19119 |
| 690 ## - LOCAL SUBJECT ADDED ENTRY--TOPICAL TERM (OCLC, RLIN) | |
| Topical term or geographic name as entry element | ENVIRONMENTAL AND LAND CONSULTANCY-GEOMATICS-GEOGRAPHIC INFORMATION SCIENCE-SPATIAL DATA AND METADATA MANAGEMENT |
| 856 ## - ELECTRONIC LOCATION AND ACCESS | |
| Uniform Resource Identifier | <a href="https://www.swisstopo.admin.ch/internet/swisstopo/en/home/services/geology/GeolInfoCent.html">https://www.swisstopo.admin.ch/internet/swisstopo/en/home/services/geology/GeolInfoCent.html</a> |
| Public note | View the Swiss national metadata catalogue free of charge at www.swisstopo.admin.ch |
| 942 ## - ADDED ENTRY ELEMENTS (KOHA) | |
| Suppress in OPAC | 0 |
| Withdrawn status | Lost status | Source of classification or shelving scheme | Damaged status | Not for loan | Home library | Current library | Shelving location | Date acquired | Total Checkouts | Full call number | Barcode | Date last seen | Copy number | Price effective from | Koha item type |
|---|---|---|---|---|---|---|---|---|---|---|---|---|---|---|---|
| Dewey Decimal Classification | London | London | Journal article | 26/04/2005 | L129503 | 129503-1001 | 06/08/2019 | 1 | 06/08/2019 | Journal article |